Statistics for Leicester City Trivia

Click here to take the quiz!

General Stats

  • This quiz has been taken 679 times
    (74 since last reset)
  • The average score is 11 of 17

Answer Stats

QuestionAnswer% Correct
What is Leicester City's nickname?The {Foxes}
100%
What is the name of Leicester City's stadium?King Power Stadium
97%
Who is the only Leicester City player to win the Premier League Golden Boot?Jamie Vardy
96%
Who is the current captain of Leicester City?Jamie Vardy
96%
Which manager led Leicester City to their incredible Premier League title triumph in 2015/16?Claudio Ranieri
79%
Which club did Leicester City beat in the 2021 FA Cup Final?Chelsea
76%
Which Leicester-born English international and television presenter played for Leicester City from 1978 until 1985?Gary Lineker
73%
In 2019, Leicester City set the English top-flight record for the biggest away win by defeating which club 9-0?Southampton
72%
With which clubs does Leicester City contest the East Midlands Derbies?Nottingham Forest
66%
Who is Leicester City's record signing, arriving from Monaco for £40m in 2019?Youri Tielemans
61%
Who is the current manager of Leicester City?Enzo Maresca
58%
With which clubs does Leicester City contest the East Midlands Derbies?Derby County
57%
Which goalkeeper won the 1966 World Cup whilst at Leicester City?Gordon Banks
52%
By which name was the Leicester City stadium known from 2002 until 2011, named for a local company?Walkers Stadium
49%
In which stadium did Leicester City play from 1891 until 2002?Filbert Street
39%
Which Englishman is Leicester City's all-time record goalscorer with 273?Arthur Chandler
12%
Which Englishman holds the record for most Leicester City appearances with 600?Graham Cross
4%

Score Distribution

Percentile by Number Answered

Percent of People with Each Score

Your Score History

You have not taken this quiz since the last reset